000 00489nam a22001937a 4500
003 OSt
005 20140310181911.0
008 130713t xxu||||| |||| 00| 0 eng d
020 _a1560250437
050 _aE 842.9
_b.L265 1996
082 _aTR 364.15
_bL24 1996
245 _aRush to judgement /
_cMark Lane
260 _aNew York :
_bThunder's Mouth Press,
_c1996.
300 _a478 p.
_c21 cm.
521 _aFaculty
541 _j1
562 _e1
942 _2lcc
_cBK-TR
_kTR
999 _c6553
_d6553